Visualizzazione normale
Vista MARC
- Bornkamm, Günther,
di Personal Name
Records bibliografici associati: 1
001 - CONTROL NUMBER
- control field: 57522
003 - CONTROL NUMBER IDENTIFIER
- control field:
005 - DATE AND TIME OF LATEST TRANSACTION
- control field: 20181123111216.0
008 - FIXED-LENGTH DATA ELEMENTS
- fixed length control field: 181123|| aca||aabn | a|a d
040 ## - CATALOGING SOURCE
- Original cataloging agency:
- Transcribing agency:
100 ## - HEADING--PERSONAL NAME
- Personal name: Bornkamm, Günther,
- Dates associated with a name: 1905-1990.
- Relator term: autore
670 ## - SOURCE DATA FOUND
- Source citation: Work cat.: ()0: Bornkamm, Günther, 1905-1990. autore, Pablo de Tarso /, 1991.